000 01064nam a2200277 i 4500
001 19232
003 ES-MaACL
005 20230906152036.0
007 t|
008 020704s1996 ve ||||1| spa d
020 _a980-01-0727-4
080 _a141.131
100 1 _aKrèamer, Hans Joachim.
_9128496
245 1 0 _aPlatón y los fundamentos de la metafísica
_b: ensayo sobre la teoría de los principios y sobre las doctrinas no escritas de Platón, con una recopilación de los documentos fundamentales, en edición bilingüe y bibliografía /
_cHans Krèamer ; traducción Angel J. Cappelletti, Alberto Rosales ; introducción Giovanni Reale.
250 _a1ª ed.
260 _aCaracas :
_bMonte Avila,
_c1996.
300 _a492 p. ;
_c23 cm.
490 1 _aPensamiento filosófico
600 0 4 _aPlatón.
_992598
700 1 _aCappelletti, Angel J.
_934893
700 1 _aRosales, Alberto.
_999637
700 1 _aReale, Giovanni.
_995687
830 0 _aPensamiento filosófico
_9179475
852 _aES-MaACL
_jL-25666
_bR.131371
999 _c19232
_d19232